000 00758cam a22002653a 4500
001 1949
003 PGUSA
005 20140828083008.0
008 991101s1999||||xxu|||||s|||||000 | eng d
040 _aPGUSA
_beng
042 _adc
050 4 _aDA
100 1 _aGildas
245 1 0 _aOn the Ruin of Britain
_h[electronic resource] /
_cGildas
260 _bProject Gutenberg,
_c1999
506 _aPublic domain in the USA.
516 _aElectronic text
653 _aGreat Britain -- History -- To 449
653 _aAnglo-Saxons
700 1 _aGiles, J. A.
_q(John Allen),
_d1808-1884
740 0 _aLiber querulus de excidio Britanniae. English
830 0 _aProject Gutenberg
_v1949
856 4 0 _uhttp://www.gutenberg.org/ebooks/1949
942 _cEB
999 _c231291
_d231291